000
00241nam a2200097Ia 4500
001
651428
005
20250826154419.0
008
250824s9999 xx 000 0 und d
245
0
_a
IŞIK DOĞUDAN GELİR
_c
CEMİL MERİÇ
260
_b
İLETİŞİM
999
_c
651428
_d
651428